Problems in soil mechanics / (Record no. 7486)
[ view plain ]
| 000 -LEADER | |
|---|---|
| fixed length control field | 00463cam a2200181ua 4500 |
| 003 - CONTROL NUMBER IDENTIFIER | |
| control field | OSt |
| 008 - FIXED-LENGTH DATA ELEMENTS--GENERAL INFORMATION | |
| fixed length control field | 250505b |||||||| |||| 00| 0 eng d |
| 020 ## - INTERNATIONAL STANDARD BOOK NUMBER | |
| ISBN | 0 210 27101 9 |
| 041 ## - LANGUAGE CODE | |
| Language code of text/sound track or separate title | eng |
| 082 ## - DEWEY DECIMAL CLASSIFICATION NUMBER | |
| Classification number | 624.15136 |
| Item number | SHA/PR |
| 100 ## - MAIN ENTRY--AUTHOR NAME | |
| Personal name | Shamsher prakash, . |
| 245 ## - TITLE STATEMENT | |
| Title | Problems in soil mechanics / |
| 250 ## - EDITION STATEMENT | |
| Edition statement | 1 / |
| 260 ## - PUBLICATION, DISTRIBUTION, ETC. (IMPRINT) | |
| Place of publication | Mumbai : |
| Name of publisher | Asia Publishing House , |
| Year of publication | 1971. |
| 300 ## - PHYSICAL DESCRIPTION | |
| Number of Pages | 190 ; . |
| 700 1# - ADDED ENTRY--PERSONAL NAME | |
| Personal name | Gopal, Ranjan . |
| 942 ## - ADDED ENTRY ELEMENTS (KOHA) | |
| Koha item type | Books |
| Withdrawn status | Lost status | Damaged status | Home library | Current library | Date acquired | Full call number | Accession Number | Koha item type |
|---|---|---|---|---|---|---|---|---|
| KAUAET | KAUAET | 20/08/1986 | 624.15136 SHA/PR | 15428 | Books |
